00526nam a22001817a 450000500170000000800410001702000180005804000210007604100080009708200160010510000260012124500750014725000120022226000340023430000100026865000360027870000300031420250910070741.0250910b |||||||| |||| 00| 0 eng d a9788198823809 aIN-DiNCcIN-DiNC dasm a371.33bSAI aSaikia, Taruneauthor aShaikshik prajuktibidya (Minor5)cby Tarun Saikia and Runu Bora Saikia a1st ed. aJorhat:bBidya bhawan,c2025. a360p. aEducational technology (Minor5) aSaikia, Runu Boraeauthor